| 000 | 00476nam a2200157Ia 4500 | ||
|---|---|---|---|
| 008 | 170221s9999 xx 000 0 und d | ||
| 100 | _aMarco Giardina | ||
| 245 | _aInformation Graphics Design Challenges and Workflow Management | ||
| 245 | _cMarco Giardina, Pablo Medina | ||
| 260 | _bOnline Journal of Communication and Media Technologies | ||
| 260 | _c2016 | ||
| 300 | _a5 : 1 | ||
| 650 | _xCommunication | ||
| 650 | _xMedia Arts | ||
| 856 | _uhttp://www.ojcmt.net/ | ||
| 999 |
_c312945 _d312945 |
||